Advances in Agronomy V120 (Record no. 43105)

MARC details
000 -LEADER
fixed length control field 00390nam a2200145Ia 4500
020 ## - INTERNATIONAL STANDARD BOOK NUMBER
ISBN 9780124076860
082 ## - DEWEY DECIMAL CLASSIFICATION NUMBER
Classification number 631/635
Item number ADV.120
100 ## - MAIN ENTRY--AUTHOR NAME
Personal name Sparks, OL
245 #0 - TITLE STATEMENT
Title Advances in Agronomy V120
260 ## - PUBLICATION, DISTRIBUTION, ETC. (IMPRINT)
Place of publication Academic Press Publication
Name of publisher USA
Year of publication 2013
650 ## - SUBJECT ADDED ENTRY--TOPICAL TERM
Topical Term Ecological restoration
650 ## - SUBJECT ADDED ENTRY--TOPICAL TERM
Topical Term Global Climate Change
942 ## - ADDED ENTRY ELEMENTS (KOHA)
Koha item type Books
Holdings
Withdrawn status Lost status Damaged status Not for loan Home library Current library Date acquired Full call number Accession Number Koha item type
        RRII Library RRII Library 16/12/2021 631/635 ADV.120 23371 Books